Najpopularniejsze numery Rap/Trap tygodnia. 06-12.08.21 YT - Statystyki

Ogólne statystyki
  • Ten quiz został rozwiązany 10 razy
  • Średni wynik to 10 z 30
Statystyki odpowiedzi
Wykonawca Wyświetlenia Utwór % Poprawnych
Kizo 3.21M Disney
80%
Young Leosia ft. Żabson 3.21M Jungle Girl
80%
OIO 577K Amerykańskie Teledyski
60%
Guzior 595K BLUEBERRY
60%
Guzior ft. Oskar83 613K FALA
60%
Sobel 1.18M Fiołkowe Pole
60%
Mata 2.57M Kiss cam (podryw roku)
60%
Kizo ft. Wac Toja 767K Nasze Lato
60%
Mata 645K Patoreakcja
60%
Wiatr ft. Sobel, Be Vis 558K Testarossa
60%
Mata ft. White 2115 1.68M La La La (Oh Oh)
50%
Zdechły Osa 949K Patolove
50%
Kizo 1.24M Król balu
30%
Żabson, Kizo, ZetHa 1.06M Puerto Bounce
30%
Magiera ft. Sobel 2.07M Drobna Zabawa
20%
MGNG 514K GANG 2
20%
Kubańczyk 1.30M Stringi
20%
Kacperczyk 474K Artysta z ASP
10%
Sokół ft. Sarius 1.25M Cześć
10%
Smolasty 1.52M Duże Oczy
10%
Paluch 490K Każdy Blok
10%
Sobel 851K Kinol
10%
Chivas ft. White 2115 523K Mam Na Twarzy Krew I Tym Razem Nie Jest Sztuczna
10%
Arne 1.33M Poranna Rosa
10%
Ekipa 540K Sen
10%
Blacha ft. Bibic 545K Vibe
10%
Francuz Mordo ft. Alberto 520K Czarne BMW
0%
Gibbs 815K Nigdy albo zawsze
0%
Tymek, Brodka, Urbanski 711K Ostatni
0%
Jacuś 471K Queen
0%
Nie znaleziono quizów pasujących do podanych kryteriów
Rozkład punktacji
Procent ludzi z każdym wynikiem
Percentyl według liczby udzielonych odpowiedzi
Twoja historia wyników
Nie rozwiązałeś tego quizu